00393nam a2200145Ia 4500008004100000020001800041082001700059100002600076245003800102250000800140260003500148300001000183600002700193650002700220241115s9999 xx 000 0 und d a9781259098598 a621.3192 ALE aAlexander, Charles K. 0aFundamentals of electric circuits a5th aNew York:bMcGrew Hillc,2013. a905p. aElectrical Engineering aElectronic Engineering